| 000 | 00670nam a2200181 4500 | ||
|---|---|---|---|
| 001 | 886 | ||
| 008 | eng | ||
| 020 | _a070993005993 | ||
| 100 | 1 | 0 | _aLee, Harper. |
| 245 | 1 | 0 |
_aTo kill a mockingbird / _cby Harper Lee |
| 260 |
_aLondon : _bArrow Books, _c2010. |
||
| 300 |
_a309 p. ; _c18 cm. |
||
| 520 | _aA young girl growing up in an Alabama town in the 1930s learns of injustice and violence when her father, a widowed lawyer, defends a black man falsely accused of rape. | ||
| 650 | 0 |
_aFathers and daughters _zSouthern States _vFiction |
|
| 650 | 0 |
_aPrejudices _vFiction |
|
| 650 | 0 |
_aRace relations _vFiction |
|
| 651 | 0 |
_aAlabama _vFiction |
|
| 999 |
_c632 _d632 |
||